[Event "Summer Prague Open 2023 - B"]
[Site "Olympik hotel, Sokolovska 138, Praha"]
[Date "2023.08.08"]
[Round "6"]
[Board "7"]
[White "Kalvach, Ladislav"]
[Black "Andersson, Mitchell"]
[Result "1-0"]
[WhiteElo "1769"]
[BlackElo "1757"]
[PlyCount "153"]
[EventDate "2023.08.04"]
[EventRounds "9"]
[EventCountry "CZE"]

1. c4 e5 2. Nc3 Nc6 3. Nf3 Bb4 4. e4 Bxc3 5. dxc3 d6 6. Be2 Nf6 7. Qd3 Qe7 8. O-O
h6 9. b4 b6 10. Nd2 g5 11. Nb3 a5 12. Bd2 Bb7 13. a4 Nd8 14. f3 Nd7 15. Rfd1 Ne6
16. Be3 Nf4 17. Bxf4 gxf4 18. c5 dxc5 19. bxa5 Rd8 20. a6 Ba8 21. a5 O-O 22. Qc2
Nb8 23. axb6 cxb6 24. Bc4 Rxd1+ 25. Rxd1 Rd8 26. Rd3 Rxd3 27. Qxd3 Qc7 28. Nd2 Kg7
29. g3 fxg3 30. hxg3 Qe7 31. Nf1 Qd7 32. Qxd7 Nxd7 33. a7 b5 34. Bxb5 Nb6 35. Ba6
Kf6 36. Ne3 Bc6 37. Ng4+ Ke6 38. Nxh6 f6 39. Nf5 c4 40. Ne3 Kd7 41. Nxc4 Kc7 42.
Nxb6 Kxb6 43. Bd3 Kxa7 44. Kg2 Bd7 45. Kf2 Kb6 46. Ke3 Kc5 47. Be2 Be6 48. f4 exf4+
49. Kxf4 Kd6 50. Bg4 Bc4 51. Bc8 Ke7 52. Bg4 Kd6 53. Bd1 Be6 54. Be2 Kc5 55. g4 Kd6
56. c4 Kc5 57. g5 fxg5+ 58. Kxg5 Kd6 59. Kf6 Kd7 60. c5 Bh3 61. Bb5+ Kc7 62. Ke7
Bg4 63. e5 Kc8 64. e6 Kb7 65. Kd6 Bxe6 66. Kxe6 Kc7 67. Ke7 Kc8 68. Kd6 Kb8 69. Kd7
Kb7 70. c6+ Kb8 71. c7+ Ka7 72. Bc6 Ka6 73. c8=Q+ Kb6 74. Bd5 Ka5 75. Qb8 Ka4 76.
Kc6 Ka5 77. Qb5#  1-0

[Event "Summer Prague Open 2023 - B"]
[Site "Olympik hotel, Sokolovska 138, Praha"]
[Date "2023.08.08"]
[Round "6"]
[Board "8"]
[White "Enkhjin, Otgonbayar"]
[Black "Magura, Jan"]
[Result "0-1"]
[WhiteElo "1508"]
[BlackElo "1711"]
[PlyCount "84"]
[EventDate "2023.08.04"]
[EventRounds "9"]
[EventCountry "CZE"]

1. d4 e6 2. c4 f5 3. Nf3 Nf6 4. g3 d5 5. Bg2 c6 6. Nc3 Bd6 7. cxd5 exd5 8. O-O O-O
9. a3 a5 10. a4 Qe7 11. Qc2 Ne4 12. Nxe4 fxe4 13. Ng5 h6 14. Nh3 Be6 15. e3 Na6 16.
Bd2 Bg4 17. Nf4 Bf5 18. Bxa5 g5 19. Ne2 Qd7 20. Qb3 Bg4 21. Nc3 Kg7 22. Rfe1 Qf7
23. Qc2 Qf5 24. Rab1 Rf7 25. Nd1 Bb4 26. Bxb4 Nxb4 27. Qd2 Nd3 28. Rf1 Rxa4 29. Nc3
Ra8 30. Kh1 h5 31. b4 h4 32. Kg1 h3 33. Bh1 Bf3 34. Ne2 Bxh1 35. f4 Bg2 36. Ra1 Rxa1
37. Rxa1 Qg4 38. Nc3 Qf3 39. b5 gxf4 40. exf4 e3 41. Qc2 Qf2+ 42. Qxf2 exf2#  0-1

[Event "Summer Prague Open 2023 - B"]
[Site "Olympik hotel, Sokolovska 138, Praha"]
[Date "2023.08.08"]
[Round "6"]
[Board "9"]
[White "Jun, Robert"]
[Black "Cleaud, Cyril"]
[Result "1/2-1/2"]
[WhiteElo "1486"]
[BlackElo "1699"]
[PlyCount "70"]
[EventDate "2023.08.04"]
[EventRounds "9"]
[EventCountry "CZE"]

1. e4 e5 2. Nf3 Nc6 3. Bb5 a6 4. Bxc6 dxc6 5. d4 exd4 6. Qxd4 Qxd4 7. Nxd4 Nf6 8.
Nc3 Bb4 9. f3 c5 10. Nde2 Be6 11. Be3 O-O 12. a3 Bxc3+ 13. Nxc3 b6 14. O-O h6 15.
Rfd1 Rad8 16. Bf4 Rc8 17. Rd2 Nh5 18. Be3 f5 19. Rad1 Nf6 20. e5 Nd7 21. Rxd7 Bxd7
22. Rxd7 Rf7 23. Rxf7 Kxf7 24. f4 Ke6 25. Kf2 Rf8 26. Kf3 g5 27. g3 Rg8 28. h3 g4+
29. hxg4 Rxg4 30. Nd1 Rg7 31. Nc3 Rd7 32. b3 h5 33. Ke2 Rh7 34. Bf2 Rd7 35. Be3 Rh7
 1/2-1/2

[Event "Summer Prague Open 2023 - B"]
[Site "Olympik hotel, Sokolovska 138, Praha"]
[Date "2023.08.08"]
[Round "6"]
[Board "10"]
[White "Mrmusova, Magdalena"]
[Black "Michel, Ladislav"]
[Result "0-1"]
[WhiteElo "1437"]
[BlackElo "1626"]
[PlyCount "74"]
[EventDate "2023.08.04"]
[EventRounds "9"]
[EventCountry "CZE"]

1. e4 c5 2. Nf3 Nc6 3. Be2 g6 4. d3 Bg7 5. Nc3 d6 6. h3 Bd7 7. Bf4 Nd4 8. Qd2 b5
9. Nxd4 cxd4 10. Nb1 Rc8 11. c3 Qa5 12. cxd4 Qxd2+ 13. Bxd2 Bxd4 14. Bc3 Bf6 15.
Bxf6 Nxf6 16. b4 Rc1+ 17. Bd1 O-O 18. O-O Rfc8 19. Bb3 Rxf1+ 20. Kxf1 Rc1+ 21. Ke2
Nh5 22. Kd2 Rg1 23. g4 Nf4 24. Bd1 Nxh3 25. f3 Nf4 26. Nc3 h5 27. gxh5 gxh5 28. Ne2
Nxe2 29. Kxe2 h4 30. Kf2 Rh1 31. Kg2 Re1 32. Rc1 h3+ 33. Kh2 Be6 34. Ra1 Kg7 35.
f4 Bg4 36. Bxg4 Rxa1 37. Bxh3 Rxa2+  0-1